000 00913cam a2200289 a 4500
001 23384
003 BD-RjUL
005 20211209000925.0
008 140310s1980 ja ab b 001 0 eng
020 _a0870404946 :
035 _a(BD-RjUL)23449
040 _aDLC
_cDLC
_dDLC
_beng
041 _aeng
082 0 0 _a952
_219
_bGEO 1980
245 0 0 _aGeography of Japan /
_cedited by the Association of Japanese Geographers.
260 _aTokyo :
_bTeikoku-Shoin,
_cc1980.
300 _axxiii, 440 p. :
_bill., maps ;
_c27 cm.
490 1 _aSpecial publication / Association of Japanese Geographers ;
_vno. 4
504 _aIncludes bibliographies and indexes.
651 0 _aJapan
_xGeography.
_972021
830 0 _vno. 4.
_972025
710 2 _aNippon Chirigakkai.
_972023
830 0 _aSpecial publication (Nihon Chiri Gakkai) ;
_972026
942 _2ddc
_cBK
999 _c23384
_d23384